| 000 | 00482nam a2200169 i 4500 | ||
|---|---|---|---|
| 001 | 116557 | ||
| 003 | ES-MaACL | ||
| 005 | 20240420063043.0 | ||
| 007 | t| | ||
| 008 | 061121s1964 sp r ||||1| spa d | ||
| 100 | 1 |
_aOtero, Blas de, _d1916-1979 _987879 |
|
| 245 | 1 | 0 |
_aQue trata de EspaƱa / _cBlas de Otero. |
| 260 |
_aBarcelona : _bEd. R.M., _c1964 ( _fImp. Garriga) |
||
| 300 |
_a101 p. ; _c22 cm. |
||
| 852 |
_aES-MaACL _jC-26684 _bR.55697 |
||
| 999 |
_c116557 _d116557 |
||